A treatise on hydromechanics.

Bibliographic Details
Main Author: Besant, William Henry
Format: Book
Language:English
Published: Cambridge : Deighton, Bell, 1891.
Edition:5th ed. rev.
Subjects:

MARC

Tag First Indicator Second Indicator Subfields
LEADER 00000cam a2200000 4500
001 in00000039690
005 20151007064525.0
008 800523s1891 mau 00000 eng d
035 |a (OCoLC)06353622 
035 |9 AAE0027AM 
040 |a TXA  |c TXA  |d UtOrBLW 
049 |a TXAM  |c [234881] 
090 |a QA901  |b .B4 1891 
092 |a 532  |b B554t5 
100 1 |a Besant, William Henry. 
245 1 2 |a A treatise on hydromechanics. 
250 |a 5th ed. rev. 
264 1 |a Cambridge :  |b Deighton, Bell,  |c 1891. 
300 |a viii, 268 pages 
336 |a text  |b txt  |2 rdacontent 
337 |a unmediated  |b n  |2 rdamedia 
338 |a volume  |b nc  |2 rdacarrier 
505 0 |a Pt. 1. Hydrostatics. 
650 0 |a Fluid mechanics. 
999 |a MARS 
999 f f |s 1f5a372d-73a1-3854-b5ac-b103546d5637  |i 2c7d563c-2b48-34bc-bb7f-9cd8831d5d0a  |t 0 
952 f f |p normal  |a Texas A&M University  |b College Station  |c Sterling C. Evans Library  |d Evans: Library Stacks  |t 0  |e QA901 .B4 1891  |h Library of Congress classification  |i unmediated -- volume  |m A14800914256 
998 f f |a QA901 .B4 1891  |t 0  |l Evans: Library Stacks